00552nai a2200157Ia 4500003000900000008004100009022002300050022002200073040001600095245005600111260003400167310001200201362002700213521006900240856008500309IN-BaIIA211028c9999 xx s 000 0 eng d a1099-0682 (Online) a1434-1948 (Print) cIIA Library 0aEuropean Journal of Inorganic Chemistryh[eJournal] aNew JerseybJohn Wiley & Sons a48/year a129(1); 1996 - Present bSubscribed through National Knowledge Resource Consortium (NKRC) uhttps://onlinelibrary.wiley.com/journal/10990682cyClick Here to Access eJournal